LEADER 00996nam a2200241 i 4500 001 000000137508 003 CaOOAMICUS 005 20050414000000.0 008 050414s1974 it u000 u ita u 013 $a111283 040 $aSeMil$bita 245 10$aRomanzieri del Seicento /$ca cura di Martino Capucci. 260 $aTorino :$bUnione Tipografico-Editrice Torinese,$c1974. 300 $a810 p., [8] c. di tav. ;$c24 cm. 490 0 $aClassici Italiani 500 $aContiene : Nota Bibliografica. 650 4$aLetteratura italiana - Sec. 17.$0(OLS)http://semarc/subject/1056 700 1 $aCapucci, Martino.$0(OLS)http://semarc/name/6635 830 0$aClassici Italiani .$0(OLS)http://semarc/title/16424 850 $aSeMil 852 $aSeMil$W1$xVenegono$y1$m1G III 3$j238798$B91053$CSeMilBibl$Z2$F95877 $81 996 $6245$aRomanzieri del Seicento$9(OLS)http://semarc/title/200917 996 $6260$aTorino :$bUnione Tipografico-Editrice Torinese$9(OLS)http://semarc/publisher/29628 LEADER 01442nam a2200301 i 4500 001 000000196159 003 CaOOAMICUS 005 20220315124510.0 008 110113s2005 it u000 u mul u 013 $a174840 040 $aSeMil$bita 245 03$aLa cattedrale di Bari :$bimmagini millenarie scolpite nella pietra /$ca cura di Fernando Russo ; prefazione di Francesco Cacucci ; testi di Gianni Guadalupi, Luciano Romano. 264 1$aMilano :$bFMR,$cstampa 2005. 300 $a203 p. :$briccamente ill. ;$c31x31 cm. 490 1 $aGrand Tour ;$v37 546 $aTesto in italiano e inglese 650 4$aBari - Chiese - Cattedrale di Santa Maria Assunta e San Sabino.$0(OLS)http://semarc/subject/35834 700 1 $aRusso, Fernando.$0(OLS)http://semarc/name/71123 700 1 $aRomano, Luciano.$0(OLS)http://semarc/name/51264 700 1 $aGuadalupi, Gianni,$d<1943-2007>.$0(OLS)http://semarc/name/49537 700 1 $aCacucci, Francesco,$c.$0(OLS)http://semarc/name/55762 830 0$aGrand Tour ;$v37.$0(OLS)http://semarc/title/14596 850 $aSeMil 852 $aSeMil$W1$xVenegono$y1$m3.SOVR V 27$j262941$B146724$CSeMilBibl$Z2$F158450 $81 961 $aOmaggio: Maffi mons. Giuseppe 996 $6245$aLa cattedrale di Bari :$bimmagini millenarie scolpite nella pietra$9(OLS)http://semarc/title/283209 996 $6264$aMilano :$bFMR$9(OLS)http://semarc/publisher/46120